Pays des circuits automobiles - Statistiques

Statistiques générales
  • Ce quiz a été pris 580 fois
  • Le résultat moyen est 12 sur 15
Statistiques - réponses
Circuit Pays % Correct
Nürburgring Allemagne
97%
Circuit Bugatti France
97%
Autodromo Enzo e Dino Ferarri Italie
97%
Fuji Speedway Japon
93%
Circuit de Spa-Francorchamps Belgique
90%
Silverstone Circuit Royaume-Uni
88%
Red Bull Ring Autriche
85%
Circuit Gilles-Villeneuve Canada
81%
WeatherTech Raceway Laguna Seca États-Unis
78%
Autodromo José Carlos Pace Brésil
72%
Autodromo Hermanos Rodriguez Mexique
68%
Yas Marina Circuit Émirats Arabes Unis
61%
Circuit International de Sakhir Bahreïn
56%
Circuit International Buddh Inde
52%
Mount Panorama Circuit Australie
47%
Aucun quiz correspondant
Distribution des résultats
% des personnes avec chaque résultat
Percentile par nombre de réponses
Votre historique - résultats
Vous n’avez pas pris ce quiz